To Compare the Efficacy of Intramuscular Oxytocin versus Intravenous Oxytocin Infusion versus Sublingual Misoprostol for active management of third stage of Labour (Record no. 26491)

MARC details
000 -LEADER
fixed length control field 00448nam a22001457a 4500
003 - CONTROL NUMBER IDENTIFIER
control field SGT
082 ## - DEWEY DECIMAL CLASSIFICATION NUMBER
Classification number 618.2
Item number C21K
100 ## - MAIN ENTRY--PERSONAL NAME
Personal name KAUR, RAJVIR
245 ## - TITLE STATEMENT
Title To Compare the Efficacy of Intramuscular Oxytocin versus Intravenous Oxytocin Infusion versus Sublingual Misoprostol for active management of third stage of Labour
260 ## - PUBLICATION, DISTRIBUTION, ETC. (IMPRINT)
Place of publication, distribution, etc GURUGRAM
Name of publisher, distributor, etc SGT UNIVERSITY
Year of Publication 2021
300 ## - PAGE DESCRIPTION
No. of Pages 48
650 ## - SUBJECT ADDED ENTRY--TOPICAL TERM
Topical term or geographic name as entry element OBST. & GYNE.
653 ## - KEYWORDS--INDEX TERM
Keyword term M.S
942 ## - ADDED ENTRY ELEMENTS (KOHA)
Source of classification or shelving scheme Dewey Decimal Classification
Koha item type Thesis/Dissertation
Holdings
Withdrawn status Lost status Source of classification or shelving scheme Damaged status Use restrictions Not for loan Collection code Home library Current library Shelving location Date acquired Total Checkouts Full call number Accession No. (Barcode) Date last seen Bill Date Koha item type
    Dewey Decimal Classification   Restricted Access Not For Loan MEDICAL SGT Medical Library SGT Medical Library Reference Book 21/06/2024   618.2 C21K DT1704 21/06/2024 21/06/2024 Thesis/Dissertation
    Dewey Decimal Classification     Not For Loan   SGT Medical Library SGT Medical Library Reference Book 12/11/2025   618.2 C21K DT2467 12/11/2025 12/11/2025 Thesis/Dissertation